| 000 | 00669nam a22002057a 4500 | ||
|---|---|---|---|
| 999 |
_c10588 _d10588 |
||
| 003 | AR-CdUCM | ||
| 008 | 190401b ||||| |||| 00| 0 spa d | ||
| 040 |
_aMUNICIPALIDAD PROVINCIAL DEL CUSCO _cBIBLIOTECA MUNICIPAL DEL CUSCO |
||
| 082 |
_a343.685 / _bL39 / 1850 |
||
| 110 |
_aRepublica Peruana _916280 |
||
| 245 | _aLegislación administrativa en el ramo de guerra y marina desde 1828 a 1857 / | ||
| 260 |
_aLima : _bImprenta del estado por E. Aranda, _c1850. |
||
| 300 |
_a272 paginas, XCII : _c20 cm. |
||
| 650 |
_aGuerra _91007 |
||
| 650 |
_aMarina _911491 |
||
| 650 |
_aLegislación _92962 |
||
| 650 |
_aHistoria _9136 |
||
| 942 |
_2ddc _cLIBROS |
||
| 945 | _apjha | ||